Southville International School and Colleges

For one more day / (Record no. 344041)

000 -LEADER
fixed length control field 00420nam a2200181Ia 4500
008 - FIXED-LENGTH DATA ELEMENTS--GENERAL INFORMATION
fixed length control field 170918s9999 xx 000 0 und d
020 ## - INTERNATIONAL STANDARD BOOK NUMBER
International Standard Book Number 9780786891177
050 ## - LIBRARY OF CONGRESS CALL NUMBER
Item number A339fo 2006
100 ## - MAIN ENTRY--PERSONAL NAME
Personal name Albom, Mitch
245 ## - TITLE STATEMENT
Title For one more day /
245 ## - TITLE STATEMENT
Statement of responsibility, etc by Mitch Albom.
260 ## - PUBLICATION, DISTRIBUTION, ETC. (IMPRINT)
Place of publication, distribution, etc New York :
260 ## - PUBLICATION, DISTRIBUTION, ETC. (IMPRINT)
Name of publisher, distributor, etc Hyperion,
260 ## - PUBLICATION, DISTRIBUTION, ETC. (IMPRINT)
Date of publication, distribution, etc 2006
300 ## - PHYSICAL DESCRIPTION
Extent 197 pages :
300 ## - PHYSICAL DESCRIPTION
Other physical details illustrations ;
300 ## - PHYSICAL DESCRIPTION
Dimensions 17cm.
Holdings
Date acquired Permanent Location Price effective from Full call number Barcode Current Location Lost status Koha item type Damaged status Withdrawn status Date last seen
2017-09-18Stonyhurst Southville International School (Malarayat)2017-09-18FIC A339fo 2006SSISM3113Stonyhurst Southville International School (Malarayat) Books  2017-09-18
Powered by Koha